[Event "Latin Cup-A 9th"]
[Site "Lima"]
[Date "2018.02.02"]
[Round "8"]
[White "Cruz, Cristhian"]
[Black "Cuellar, Diego"]
[Result "1-0"]
[WhiteElo "2559"]
[BlackElo "2327"]
[PlyCount "123"]
[EventDate "2018.01.29"]
[EventType "tourn"]
[EventRounds "9"]
[EventCountry "PER"]
[SourceTitle "CBM 182 Extra"]
[Source "ChessBase"]
[SourceDate "2018.02.23"]
[SourceVersion "1"]
[SourceVersionDate "2018.02.23"]
[SourceQuality "1"]

1. d4 d5 2. c4 c6 3. Nf3 Nf6 4. Qc2 dxc4 5. Qxc4 Be6 6. Qc2 Qa5+ 7. Bd2 Qf5 8. Qd1 Nbd7 9. Nc3 Bd5 10. Nxd5 Qxd5 11. e3 e5 12. Qc2 e4 13. Bc4 Qh5 14. Ne5 Nxe5 15. dxe5 Qxe5 16. Bc3 Qc7 17. Bxf6 gxf6 18. 0-0-0 Qe7 19. Rd4 f5 20. Rhd1 Bg7 21. R4d2 0-0 22. Rd7 Qb4 23. Kb1 Bf6 24. a3 Qb6 25. Bb3 a5 26. R1d2 Qb5 27. Bc4 Qb6 28. Qd1 Rad8 29. Bxf7+ Kh8 30. Qb3 Qxb3 31. Bxb3 Rxd7 32. Rxd7 Rd8 33. Rf7 Rd6 34. a4 b5 35. Kc2 bxa4 36. Bxa4 f4 37. exf4 c5 38. Bb3 h6 39. Bc4 Bd4 40. Re7 a4 41. Rxe4 Rb6 42. b3 axb3+ 43. Bxb3 Bxf2 44. g4 Bh4 45. Re5 Rf6 46. Re4 Rd6 47. Re5 Bf2 48. Bd5 Bd4 49. Re8+ Kg7 50. Bc4 Bf6 51. Rg8+ Kh7 52. Rf8 Kg6 53. Rg8+ Kh7 54. Rf8 Kg6 55. Bb3 c4 56. Bxc4 Rd4 57. f5+ Kg5 58. Be2 Rd6 59. Re8 h5 60. Rg8+ Kf4 61. gxh5 Kxf5 62. Bd3+ 1-0

[Event "Latin Cup-A 9th"]
[Site "Lima"]
[Date "2018.02.02"]
[Round "7"]
[White "Cuellar, Diego"]
[Black "Santiago, Yago de Moura"]
[Result "1-0"]
[WhiteElo "2327"]
[BlackElo "2496"]
[PlyCount "68"]
[EventDate "2018.01.29"]
[EventType "tourn"]
[EventRounds "9"]
[EventCountry "PER"]
[SourceTitle "CBM 182 Extra"]
[Source "ChessBase"]
[SourceDate "2018.02.23"]
[SourceVersion "1"]
[SourceVersionDate "2018.02.23"]
[SourceQuality "1"]

1. e4 e6 2. d4 d5 3. Nc3 Bb4 4. e5 b6 5. a3 Bf8 6. Bb5+ c6 7. Ba4 a5 8. Nce2 Ba6 9. c3 Ne7 10. Nf3 Nf5 11. 0-0 Be7 12. Re1 g5 13. Bc2 Ng7 14. h3 c5 15. Be3 Nd7 16. Qd2 h6 17. Ng3 Qc7 18. Rec1 0-0-0 19. b4 f5 20. exf6 Bxf6 21. Re1 Bb7 22. bxc5 bxc5 23. Rab1 Rdf8 24. dxc5 h5 25. Nd4 Bc6 26. c4 Ne5 27. cxd5 Nc4 28. Qd3 exd5 29. Ngf5 Kd7 30. Nxg7 Bxg7 31. Nxc6 Qxc6 32. Ba4 Qxa4 33. Qxd5+ Kc8 34. Qb7+ Kd8 1-0

[Event "Latin Cup-A 9th"]
[Site "Lima"]
[Date "2018.01.30"]
[Round "2"]
[White "Escobar Forero, Alder"]
[Black "Cuellar, Diego"]
[Result "1/2-1/2"]
[WhiteElo "2482"]
[BlackElo "2327"]
[PlyCount "101"]
[EventDate "2018.01.29"]
[EventType "tourn"]
[EventRounds "9"]
[EventCountry "PER"]
[SourceTitle "CBM 182 Extra"]
[Source "ChessBase"]
[SourceDate "2018.02.23"]
[SourceVersion "1"]
[SourceVersionDate "2018.02.23"]
[SourceQuality "1"]

1. e4 e5 2. Nf3 Nc6 3. Bb5 Nf6 4. d3 Bc5 5. Bxc6 dxc6 6. Qe2 Bd6 7. Nbd2 Nd7 8. Nc4 c5 9. Bd2 0-0 10. 0-0-0 Re8 11. g4 Nb8 12. Rhg1 Nc6 13. c3 Bf8 14. Bg5 f6 15. Bd2 Qd7 16. g5 f5 17. g6 h6 18. exf5 Qxf5 19. Ng5 Be6 20. Ne4 Be7 21. Ne3 Qh3 22. Kb1 Rf8 23. Bc1 Qf3 24. Qc2 Rad8 25. b3 b5 26. Rg3 Qh5 27. Ba3 c4 28. Bxe7 cxb3 29. axb3 Nxe7 30. h3 Bd5 31. Nc5 Bf3 32. Re1 Rd6 33. Qa2 Nc6 34. b4+ Kh8 35. Ne6 Rf6 36. Nxc7 Rxg6 37. Qf7 Rxg3 38. Qf8+ Kh7 39. Qxd6 Rxh3 40. Ne6 Rh1 41. Rxh1 Qxh1+ 42. Kb2 Qg1 43. Qf8 Qxf2+ 44. Ka3 Qg1 45. Qf5+ Kg8 46. Kb2 Qh2+ 47. Kb3 Qg1 48. Qf8+ Kh7 49. Qxf3 Qb1+ 50. Ka3 Qa1+ 51. Kb3 1/2-1/2

[Event "PER-ch"]
[Site "Lima"]
[Date "2017.03.05"]
[Round "8"]
[White "Cuellar, Diego"]
[Black "Terry, Renato"]
[Result "1/2-1/2"]
[WhiteElo "2346"]
[BlackElo "2454"]
[PlyCount "56"]
[EventDate "2017.03.01"]
[EventType "swiss"]
[EventRounds "9"]
[EventCountry "PER"]
[SourceTitle "CBM 177 Extra"]
[Source "ChessBase"]
[SourceDate "2017.04.27"]
[SourceVersion "1"]
[SourceVersionDate "2017.04.27"]
[SourceQuality "1"]

1. e4 e6 2. d4 b6 3. Nc3 Bb7 4. Nge2 a6 5. g3 d5 6. Bg2 Nf6 7. e5 Nfd7 8. f4 g6 9. 0-0 c5 10. f5 cxd4 11. fxe6 fxe6 12. Nxd4 Bc5 13. Nce2 Nc6 14. Kh1 Nxd4 15. Nxd4 Qe7 16. Nf3 0-0 17. Bg5 Qe8 18. Qd2 Rf7 19. Rae1 Be7 20. Bxe7 Qxe7 21. Ng5 Rxf1+ 22. Rxf1 Rf8 23. Rxf8+ Nxf8 24. h4 Kg7 25. Qf2 h6 26. Nh3 Nd7 27. Nf4 g5 28. Nh5+ Kg6 1/2-1/2

[Event "PER-ch Grand Prix final"]
[Site "Lima"]
[Date "2016.01.22"]
[Round "8"]
[White "Terry, Renato"]
[Black "Cuellar, Diego"]
[Result "1/2-1/2"]
[WhiteElo "2465"]
[BlackElo "2382"]
[PlyCount "190"]
[EventDate "2016.01.18"]
[EventType "tourn"]
[EventRounds "11"]
[EventCountry "PER"]
[EventCategory "6"]
[SourceTitle "CBM 170 Extra"]
[Source "ChessBase"]
[SourceDate "2016.02.25"]
[SourceVersion "1"]
[SourceVersionDate "2016.02.25"]
[SourceQuality "1"]

1. Nf3 Nf6 2. c4 c6 3. Nc3 d5 4. e3 e6 5. Qc2 Nbd7 6. b3 Bd6 7. Bb2 0-0 8. Rg1 Qe7 9. g4 Rd8 10. g5 Ne8 11. h4 Nb6 12. d4 c5 13. Nb5 dxc4 14. Nxd6 Qxd6 15. bxc4 cxd4 16. Bxd4 Qb4+ 17. Bc3 Qa4 18. Qxa4 Nxa4 19. Bb4 b6 20. Ne5 Bb7 21. Rg4 Nd6 22. Rf4 Nc5 23. 0-0-0 Nf5 24. Rxd8+ Rxd8 25. Bxc5 bxc5 26. Nd3 Rc8 27. Bh3 Nd6 28. Ne5 Rc7 29. h5 h6 30. gxh6 gxh6 31. Rg4+ Kf8 32. Rg1 Ne4 33. f4 Nf6 34. Bg4 Be4 35. Bd1 Rb7 36. Bc2 Bxc2 37. Kxc2 Ke7 38. Rd1 Rb6 39. Rd3 Ra6 40. Rb3 Rxa2+ 41. Kd3 Ra1 42. Rb7+ Ke8 43. Rb8+ Ke7 44. Rb7+ Ke8 45. Ke2 Ne4 46. Nxf7 Ra2+ 47. Kf3 Nd2+ 48. Kg3 Nf1+ 49. Kf3 Nd2+ 50. Kg4 Nxc4 51. Nxh6 Nxe3+ 52. Kf3 Ra3 53. Ng4 Nf5+ 54. Kf2 Ra2+ 55. Kf3 Ra3+ 56. Kf2 Ra2+ 57. Ke1 Ra4 58. h6 Nxh6 59. Nxh6 Rxf4 60. Rxa7 Rf6 61. Ng4 Rf7 62. Ra8+ Ke7 63. Ke2 Kd6 64. Ke3 Rb7 65. Ra6+ Kd5 66. Ra8 Rb3+ 67. Kd2 Rb4 68. Ne3+ Kd6 69. Kc3 Re4 70. Nc4+ Kc7 71. Ra7+ Kc6 72. Ra6+ Kc7 73. Na5 Re1 74. Nb3 Kb7 75. Nxc5+ Kc7 76. Kd4 Rd1+ 77. Ke4 Rd2 78. Nd3 e5 79. Rh6 Kd7 80. Nc5+ Kc7 81. Rh8 Rd4+ 82. Kf5 Rd1 83. Ne6+ Kb7 84. Kxe5 Kc6 85. Rc8+ Kb6 86. Rb8+ Kc6 87. Nd4+ Kc7 88. Rb2 Rh1 89. Ne6+ Kc6 90. Rc2+ Kb5 91. Kd5 Rh5+ 92. Kd6 Kb4 93. Nc5 Rg5 94. Nd3+ Kb3 95. Rc8 Rh5 1/2-1/2

[Event "PER-ch Grand Prix final"]
[Site "Lima"]
[Date "2016.01.19"]
[Round "3"]
[White "Cruz, Cristhian"]
[Black "Cuellar, Diego"]
[Result "1-0"]
[WhiteElo "2553"]
[BlackElo "2382"]
[PlyCount "95"]
[EventDate "2016.01.18"]
[EventType "tourn"]
[EventRounds "11"]
[EventCountry "PER"]
[EventCategory "6"]
[SourceTitle "CBM 170 Extra"]
[Source "ChessBase"]
[SourceDate "2016.02.25"]
[SourceVersion "1"]
[SourceVersionDate "2016.02.25"]
[SourceQuality "1"]

1. Nf3 Nf6 2. c4 c6 3. e3 d5 4. Nc3 e6 5. b3 Nbd7 6. Qc2 Bd6 7. Bb2 0-0 8. d4 Re8 9. Be2 dxc4 10. bxc4 e5 11. 0-0 h6 12. a4 e4 13. Nd2 Qe7 14. a5 a6 15. Rfe1 Nf8 16. f3 Qc7 17. f4 Bb4 18. Nb3 c5 19. d5 Bf5 20. Rf1 N8d7 21. Nd1 Re7 22. Nf2 Ne8 23. g4 Bh7 24. Nh1 Nd6 25. Ng3 f6 26. h4 b5 27. axb6 Nxb6 28. Nc1 a5 29. Na2 Bg6 30. Kg2 Be8 31. Nxb4 axb4 32. Rxa8 Nxa8 33. g5 hxg5 34. hxg5 fxg5 35. Be5 gxf4 36. exf4 Bg6 37. Bg4 Qd8 38. Be6+ Rxe6 39. dxe6 Nf5 40. Nxf5 Bxf5 41. Qd1 Qe8 42. Kf2 e3+ 43. Ke1 Qe7 44. Rh1 Bxe6 45. Qh5 Kf8 46. Qg6 Qf7 47. Rh8+ Ke7 48. Qg5+ 1-0

[Event "Carlos Torre Memorial op 27th"]
[Site "Merida"]
[Date "2015.12.18"]
[Round "3"]
[White "Cuellar, Diego"]
[Black "Baryshpolets, Andrey"]
[Result "1/2-1/2"]
[WhiteElo "2374"]
[BlackElo "2538"]
[PlyCount "81"]
[EventDate "2015.12.17"]
[EventType "swiss"]
[EventRounds "9"]
[EventCountry "MEX"]
[SourceTitle "EXT 2017"]
[Source "ChessBase"]
[SourceDate "2016.10.25"]
[SourceVersion "1"]
[SourceVersionDate "2016.10.25"]
[SourceQuality "1"]

1. e4 e6 2. d4 d5 3. Nc3 Nf6 4. Bg5 dxe4 5. Nxe4 Be7 6. Bxf6 gxf6 7. Nf3 f5 8. Nc3 a6 9. Qd2 b5 10. g3 Bb7 11. Bg2 c5 12. 0-0 Ra7 13. Rad1 Bxf3 14. Bxf3 cxd4 15. Nd5 Rd7 16. Nxe7 Qxe7 17. Qf4 Qd6 18. Qh6 e5 19. Qg7 Rf8 20. Rfe1 Re7 21. Qxh7 Qf6 22. Qh3 Rh8 23. Qf1 Nd7 24. Bg2 Nc5 25. c3 dxc3 26. bxc3 e4 27. Re3 Nd3 28. Qe2 Kf8 29. f3 Qb6 30. fxe4 fxe4 31. Bxe4 Ne5 32. Kh1 Rh6 33. Bf5 Ng4 34. Rxe7 Rxh2+ 35. Qxh2 Nxh2 36. Rdd7 Nf3 37. Rxf7+ Ke8 38. Rde7+ Kd8 39. Rd7+ Ke8 40. Rfe7+ Kf8 41. Rf7+ 1/2-1/2

[Event "Carlos Torre Memorial op 27th"]
[Site "Merida"]
[Date "2015.12.18"]
[Round "4"]
[White "Pichot, Alan"]
[Black "Cuellar, Diego"]
[Result "1/2-1/2"]
[WhiteElo "2517"]
[BlackElo "2374"]
[PlyCount "58"]
[EventDate "2015.12.17"]
[EventType "swiss"]
[EventRounds "9"]
[EventCountry "MEX"]
[SourceTitle "EXT 2017"]
[Source "ChessBase"]
[SourceDate "2016.10.25"]
[SourceVersion "1"]
[SourceVersionDate "2016.10.25"]
[SourceQuality "1"]

1. e4 e5 2. Nf3 Nf6 3. Nxe5 d6 4. Nf3 Nxe4 5. d4 d5 6. Bd3 Nc6 7. 0-0 Be7 8. Nc3 Bf5 9. Re1 Nxc3 10. bxc3 Bxd3 11. Qxd3 0-0 12. c4 dxc4 13. Qxc4 Bf6 14. Ba3 Re8 15. Rxe8+ Qxe8 16. Rb1 Rc8 17. c3 Na5 18. Qd5 b6 19. Bb4 c6 20. Qf5 Nb7 21. Re1 Qd8 22. Be7 Bxe7 23. Rxe7 Qxe7 24. Qxc8+ Nd8 25. g4 g6 26. g5 Kg7 27. h4 Qe4 28. Ne5 Qe1+ 29. Kg2 Qe4+ 1/2-1/2

[Event "Lima Gran Prix IRT op"]
[Site "Lima"]
[Date "2015.12.14"]
[Round "6"]
[White "Cuellar, Diego"]
[Black "Puppi Lazo, Jorge Luis"]
[Result "1-0"]
[WhiteElo "2374"]
[BlackElo "2139"]
[PlyCount "137"]
[EventDate "2015.12.12"]
[EventType "swiss"]
[EventRounds "8"]
[EventCountry "PER"]
[SourceTitle "CBM 170 Extra"]
[Source "ChessBase"]
[SourceDate "2016.02.25"]
[SourceVersion "1"]
[SourceVersionDate "2016.02.25"]
[SourceQuality "1"]

1. e4 c5 2. Nc3 e6 3. f4 a6 4. Nf3 b5 5. d3 Bb7 6. g3 d5 7. exd5 exd5 8. Bg2 Nf6 9. 0-0 Be7 10. Ne5 Nc6 11. Ng4 Nd4 12. Nxf6+ Bxf6 13. Re1+ Kf8 14. Ne2 g6 15. Nxd4 Bxd4+ 16. Be3 Bxb2 17. Bxc5+ Kg7 18. Rb1 Bf6 19. d4 Qd7 20. Qd3 Rhe8 21. Rf1 Qf5 22. Qxf5 gxf5 23. Kf2 Re6 24. Rfd1 Bc6 25. Bf1 Bd8 26. Bd3 Kf6 27. Re1 Bc7 28. Re2 Rxe2+ 29. Bxe2 h5 30. h4 Kg6 31. Bd3 Kf6 32. Be2 Kg6 33. Bd3 Kf6 34. Re1 Re8 35. Be2 Kg6 36. Ra1 Ra8 37. Bf3 Re8 38. Rb1 Kh6 39. Rb3 Kg6 40. Ra3 Bb7 41. Rb3 Bc6 42. Be2 Ra8 43. Rc3 Rc8 44. Ra3 Ra8 45. Rc3 Rc8 46. Bf3 Re8 47. Be7 Bd7 48. Rxc7 Rxe7 49. Ra7 Kf6 50. Bxd5 Be6 51. Rxa6 Rd7 52. Bxe6 fxe6 53. c3 Rc7 54. Ra3 Ke7 55. Rb3 Kd6 56. Ke3 Rb7 57. Kf3 Rc7 58. Kg2 Rc4 59. Kf2 b4 60. cxb4 Rc2+ 61. Kf3 Rxa2 62. b5 Ra7 63. b6 Rb7 64. Rb5 Kc6 65. Re5 Kd7 66. d5 Rxb6 67. dxe6+ Ke7 68. Rxf5 Rb3+ 69. Kg2 1-0

[Event "Wch U18"]
[Site "Porto Carras"]
[Date "2015.11.01"]
[Round "7"]
[White "Cuellar, Diego"]
[Black "Huber, Martin Christian"]
[Result "1/2-1/2"]
[WhiteElo "2372"]
[BlackElo "2312"]
[PlyCount "49"]
[EventDate "2015.10.25"]
[EventType "swiss"]
[EventRounds "11"]
[EventCountry "GRE"]
[SourceTitle "CBM 169 Extra"]
[Source "ChessBase"]
[SourceDate "2015.12.18"]
[SourceVersion "1"]
[SourceVersionDate "2015.12.18"]
[SourceQuality "1"]

1. Nf3 d5 2. d4 Nf6 3. c4 c6 4. e3 Bf5 5. Nc3 e6 6. Nh4 Be4 7. f3 Bg6 8. Nxg6 hxg6 9. Be2 Qc7 10. g3 Nbd7 11. 0-0 Be7 12. a3 dxc4 13. Bxc4 Nb6 14. Ba2 Rd8 15. Qe2 0-0 16. b4 Nfd5 17. Bd2 Nxc3 18. Bxc3 Bf6 19. f4 Nd5 20. Bd2 Rd7 21. Rab1 Rc8 22. Kg2 Qd8 23. Rfd1 Be7 24. Be1 Qf8 25. Rd3 1/2-1/2

[Event "Pan American-ch U18"]
[Site "Cali"]
[Date "2015.07.03"]
[Round "9"]
[White "Husbands, Orlando"]
[Black "Cuellar, Diego"]
[Result "0-1"]
[WhiteElo "2234"]
[BlackElo "2332"]
[PlyCount "46"]
[EventDate "2015.06.28"]
[EventType "swiss"]
[EventRounds "9"]
[EventCountry "COL"]
[SourceTitle "EXT 2016"]
[Source "ChessBase"]
[SourceDate "2015.10.08"]
[SourceVersion "1"]
[SourceVersionDate "2015.10.08"]
[SourceQuality "1"]

1. e4 e5 2. Nf3 Nc6 3. d4 exd4 4. Bc4 Nf6 5. e5 d5 6. Bb5 Ne4 7. Nxd4 Bd7 8. Bxc6 bxc6 9. 0-0 Bc5 10. Be3 0-0 11. f3 Ng5 12. f4 Ne4 13. Nd2 Nxd2 14. Qxd2 f6 15. Nb3 Bb6 16. a4 fxe5 17. fxe5 Qg5 18. Rxf8+ Rxf8 19. Re1 Qg6 20. a5 Bxe3+ 21. Rxe3 Bf5 22. c3 Be4 23. Nc5 Bxg2 0-1

[Event "Pan American-ch U18"]
[Site "Cali"]
[Date "2015.07.01"]
[Round "6"]
[White "Gomez Sanchez, Jorge Marcos"]
[Black "Cuellar, Diego"]
[Result "0-1"]
[WhiteElo "2305"]
[BlackElo "2332"]
[PlyCount "97"]
[EventDate "2015.06.28"]
[EventType "swiss"]
[EventRounds "9"]
[EventCountry "COL"]
[SourceTitle "EXT 2016"]
[Source "ChessBase"]
[SourceDate "2015.10.08"]
[SourceVersion "1"]
[SourceVersionDate "2015.10.08"]
[SourceQuality "1"]

1. Nf3 Nf6 2. g3 d5 3. Bg2 c6 4. c4 Bf5 5. b3 e6 6. Bb2 Nbd7 7. 0-0 h6 8. d3 Be7 9. Nbd2 0-0 10. Re1 Bh7 11. Qc1 a5 12. Bc3 Re8 13. Qb2 Bb4 14. a3 Bxc3 15. Qxc3 e5 16. e4 dxe4 17. Nxe4 Nxe4 18. dxe4 Qe7 19. Nd2 Red8 20. b4 axb4 21. axb4 c5 22. Rxa8 Rxa8 23. b5 Nf8 24. Bh3 b6 25. f3 Qd6 26. Re3 Rd8 27. Nb3 f6 28. Kf2 Bg6 29. Re2 Qd1 30. Rd2 Rxd2+ 31. Nxd2 Bf7 32. Qd3 Ne6 33. Bxe6 Bxe6 34. g4 Kh7 35. h4 Bxc4 36. Qxc4 Qxd2+ 37. Kg3 Qe1+ 38. Kg2 Qd2+ 39. Kg3 h5 40. gxh5 Qf4+ 41. Kg2 Qxh4 42. Qe6 Qg5+ 43. Kf2 Qd2+ 44. Kg3 Qe1+ 45. Kg2 Qd2+ 46. Kg3 Qg5+ 47. Kf2 Qxh5 48. Qxb6 Qh2+ 49. Ke3 0-1

[Event "Pan American-ch U18"]
[Site "Cali"]
[Date "2015.06.30"]
[Round "4"]
[White "Sosa, Tomas Sebastian"]
[Black "Cuellar, Diego"]
[Result "1/2-1/2"]
[WhiteElo "2385"]
[BlackElo "2332"]
[PlyCount "24"]
[EventDate "2015.06.28"]
[EventType "swiss"]
[EventRounds "9"]
[EventCountry "COL"]
[SourceTitle "EXT 2016"]
[Source "ChessBase"]
[SourceDate "2015.10.08"]
[SourceVersion "1"]
[SourceVersionDate "2015.10.08"]
[SourceQuality "1"]

1. e4 e5 2. Nf3 Nc6 3. Bb5 Nf6 4. d3 Bc5 5. c3 0-0 6. 0-0 Re8 7. Nbd2 a6 8. Ba4 b5 9. Bc2 d6 10. a4 Be6 11. h3 h6 12. Re1 Bb6 1/2-1/2

[Event "Pan American-ch U20"]
[Site "Bogota"]
[Date "2013.07.12"]
[Round "5"]
[White "Cuellar, Diego"]
[Black "Hernandez Sanchez, Jairo Andres"]
[Result "1/2-1/2"]
[WhiteElo "2350"]
[BlackElo "2320"]
[PlyCount "48"]
[EventDate "2013.07.10"]
[EventType "swiss"]
[EventRounds "9"]
[EventCountry "COL"]
[SourceTitle "CBM 155 Extra"]
[Source "ChessBase"]
[SourceDate "2013.08.26"]
[SourceVersion "1"]
[SourceVersionDate "2013.08.26"]
[SourceQuality "1"]

1. e4 c5 2. Nf3 Nc6 3. d4 cxd4 4. Nxd4 g6 5. c4 Bg7 6. Be3 Nf6 7. Nc3 0-0 8. Be2 d6 9. 0-0 Bd7 10. Qd2 Nxd4 11. Bxd4 Bc6 12. Bd3 Nd7 13. Bxg7 Kxg7 14. Rfe1 a5 15. Re3 h6 16. Rd1 a4 17. Bb1 Qa5 18. Qd4+ Qe5 19. f4 Qxd4 20. Rxd4 Ra5 21. Rd2 Rd8 22. Re1 Raa8 23. Rd4 Rf8 24. Re3 e5 1/2-1/2

[Event "South America-ch U20"]
[Site "Asuncion"]
[Date "2013.05.20"]
[Round "5"]
[White "Gotz, Klaus Seiji Furucho"]
[Black "Cuellar, Diego"]
[Result "1/2-1/2"]
[WhiteElo "2095"]
[BlackElo "2323"]
[PlyCount "49"]
[EventDate "2013.05.17"]
[EventType "swiss"]
[EventRounds "9"]
[EventCountry "PAR"]
[SourceTitle "CBM 154 Extra"]
[Source "ChessBase"]
[SourceDate "2013.06.25"]
[SourceVersion "2"]
[SourceVersionDate "2013.06.25"]
[SourceQuality "1"]

1. d4 Nf6 2. c4 c5 3. d5 e6 4. Nc3 exd5 5. cxd5 d6 6. Nf3 g6 7. Bf4 a6 8. a4 Bg7 9. h3 0-0 10. e3 Re8 11. Nd2 Nh5 12. Bh2 Nd7 13. Be2 Ne5 14. Bxe5 Bxe5 15. Bxh5 gxh5 16. Qxh5 Rb8 17. Nf3 Bxc3+ 18. bxc3 Qf6 19. Rc1 b5 20. axb5 axb5 21. 0-0 Bf5 22. Nh4 Bd7 23. Nf3 Bf5 24. Nh4 Bd7 25. Nf3 1/2-1/2